000 00715nam a22002532a 4500
001 35106
003 BD-RJUL
005 20211209052248.0
008 140521t1962 enk 000 0 eng d
035 _a(BD-RjUL) 35200
040 _aEEM
_cEEM
_dUKM
_dEQO
_dBD-RjUL
_beng
041 _aeng
082 0 4 _a306.7660942
_221
_bHAH 1962
090 _aHQ76
_b.H37 1965
100 1 _aHauser, Richard,
_d1910-
_9100464
245 1 4 _aThe homosexual society /
_cRichard Hauser
260 _aLondon :
_bBodley head.,
_c c1962
300 _a166 p. ;
_c21 cm
650 0 _aHomosexuality
_zGreat Britain
_9106887
650 0 _aGay men
_zGreat Britain
_9106888
830 0 _v3699
_9106940
942 _2ddc
_cBK
999 _c35106
_d35106